| 000 | 00467nam a22001697a 4500 | ||
|---|---|---|---|
| 003 | MPLRDC | ||
| 005 | 20220104175613.0 | ||
| 008 | 210129b ||||| |||| 00| 0 eng d | ||
| 082 | _a859.61 MAH v.1 | ||
| 100 | _aMUZAFER MAHMUD | ||
| 245 |
_aKAPITAN YAP AH LOY DI KUALA LUMPUR _c |
||
| 260 |
_a _bFEP INTERNATIONAL SENDIRIAN BERHAD _c |
||
| 300 | _b平 | ||
| 490 | _aSIRI CERITA SEJARAH GEMILANG SATU | ||
| 650 | _aSASTERA KANAK-KANAK | ||
| 942 |
_cBK _o859.61 MAH v.1 |
||
| 999 |
_c60474 _d60464 |
||